Dictionary of photography and reference book for amateur and professional photographers /

Bibliographic Details
Main Author: Sowerby, Arthur Lindsay McRae
Format: Book
Language:English
Published: London : New York : Iliffe; Philosophical Library, [1956]
Edition:18th ed.
Subjects:

MARC

Tag First Indicator Second Indicator Subfields
LEADER 00000cam a2200000 4500
001 in00000034960
005 20151007063452.0
008 740729s1956 enka bd 00010 eng u
010 |a  57002875  
035 |a (OCoLC)00966065 
035 |9 AAD7477AM 
040 |c CWR  |d TXA  |d UtOrBLW 
049 |a TXAM  |c [450649] 
050 0 |a TR9  |b .S74 1956 
082 0 |a 770.3 
092 |a 770.3  |b S731d 
100 1 |a Sowerby, Arthur Lindsay McRae. 
245 1 0 |a Dictionary of photography and reference book for amateur and professional photographers /  |c edited and largely re-written by A. L. M. Sowerby. 
250 |a 18th ed. 
264 1 |a London :  |b Iliffe;  |a New York :  |b Philosophical Library,  |c [1956] 
300 |a vi, 719 pages :  |b illustrations, diagrams, tables. ;  |c 19 cm. 
336 |a text  |b txt  |2 rdacontent 
337 |a unmediated  |b n  |2 rdamedia 
338 |a volume  |b nc  |2 rdacarrier 
500 |a Originally authored by E. J. Wall. 
504 |a Includes bibliographies. 
650 0 |a Photography  |v Dictionaries. 
999 |a MARS 
999 f f |s 443c8877-dd00-3fdd-b6ef-346745c05913  |i 9ed1cdb8-6a53-3d1b-91ba-fcbd72554030  |t 0 
952 f f |p ric  |a Texas A&M University  |b Rellis Campus  |c Joint Library Facility  |d Remote Storage  |t 0  |e TR9 .S74 1956  |h Library of Congress classification  |i unmediated -- volume  |m A14805860622 
998 f f |a TR9 .S74 1956  |t 0  |l Remote Storage